[Event "Hessen-ch U12"]
[Site "Bad Homburg"]
[Date "2012.??.??"]
[Round "3"]
[White "Enns, Alexej"]
[Black "Ripp, Moritz"]
[Result "1-0"]
[WhiteElo "1190"]
[BlackElo "809"]
[PlyCount "24"]
[EventDate "2012.04.??"]
[EventType "swiss"]
[EventRounds "9"]
[EventCountry "GER"]
[SourceTitle "EXT 2015"]
[Source "ChessBase"]
[SourceDate "2014.11.20"]
[SourceVersion "1"]
[SourceVersionDate "2014.11.20"]
[SourceQuality "1"]

1. e4 e5 2. Nf3 Nc6 3. Bc4 Bc5 4. Nc3 Nf6 5. d3 h6 6. Be3 Bb6 7. h3 Nd4 8. Nxe5 d6 9. Nxf7 Qe7 10. Nxh8 c5 11. Ng6 Qf7 12. Bxf7+ Kxf7 1-0

[Event "Hessen-ch U12"]
[Site "Bad Homburg"]
[Date "2012.??.??"]
[Round "5"]
[White "Enns, Alexej"]
[Black "Wachsmann, Dietmar"]
[Result "0-1"]
[WhiteElo "1190"]
[BlackElo "1400"]
[PlyCount "94"]
[EventDate "2012.04.??"]
[EventType "swiss"]
[EventRounds "9"]
[EventCountry "GER"]
[SourceTitle "EXT 2015"]
[Source "ChessBase"]
[SourceDate "2014.11.20"]
[SourceVersion "1"]
[SourceVersionDate "2014.11.20"]
[SourceQuality "1"]

1. e4 e5 2. Nf3 Nc6 3. Bc4 Bc5 4. Nc3 Nf6 5. d3 h6 6. Be3 Bb6 7. h3 d6 8. a3 Be6 9. Bb3 Bxb3 10. cxb3 0-0 11. 0-0 Nd7 12. Nh2 f5 13. exf5 Rxf5 14. Qg4 Rf6 15. Nd5 Bxe3 16. Nxf6+ Nxf6 17. Qe6+ Kh8 18. fxe3 Qg8 19. Qxg8+ Kxg8 20. Ng4 Nd5 21. e4 Nf4 22. Nf2 Nd4 23. b4 Nc2 24. Rab1 Ne3 25. Rfe1 Nexg2 26. Red1 Nh4 27. Kh2 Nf3+ 28. Kg3 Nd4 29. h4 Rf8 30. Rf1 Rf6 31. Ra1 Rg6+ 32. Ng4 h5 33. Kf2 Rxg4 34. Ke3 Rg3+ 35. Kd2 Rxd3+ 36. Kc1 Nb3+ 37. Kb1 Nxa1 38. Kxa1 Rd2 39. Ka2 Nd3 40. Kb3 Rf2 41. Rd1 Nxb2 42. Rd5 Kf7 43. b5 Ke6 44. b6 axb6 45. Rb5 Nd3 46. Kc3 Nc5 47. Rb1 Nxe4+ 0-1